00582nam a2200205Ia 450000500170000000800410001702000150005808200210007324500590009426000600015330000150021365000110022865000190023965000200025865000230027865000200030165000130032170000220033470000200035620250206042045.0240331s9999 xx 000 0 und d a0803986750 bRAD23396a305.4 0aPower/Gender:bSocial Relations in Theory and Practice aLondon;aCalifornia;aNew DelhibSAGE Publicationc1994 ax, 317 p., aGender aSocial Science aWomen's Studies aSocial Psychology  aFeminist Theory aPolitics aRadtke, H. Leedt aStam, H. Jeedt